00580nam a22002057a 450000500170000001000110001702000100002803500110003803700160004904000120006508200150007710000190009224500800011126000450019127000480023630000270028450000200031165000220033165000210035320170124110254.0 a935678 c35.00 a935678 bCen Lib/Ret aDPLbEN a658.3bHAL aHalloran, Jack aApplied human relations : cby Jack Halloran ban organizational approach / aNew DelhibPrentice hall of India c1978 aM-97, Connaught circus bNew Delhie110015 a527p.:c21cm(Hb)bill. aIncludes index  aBusiness studies  aHuman relations